000 00319nam a2200121Ia 4500
008 190216s9999||||xx |||||||||||||| ||und||
100 _aRobiner Lawrence
245 0 _aTheory And Application Of Digital Signal Processing
260 _bPrentice Hall Of India Pvt Ltd
300 _a762
650 _aPhysics
942 _cBK
999 _c33488
_d33488